Jóvenes trabajadores, jóvenes luchadores: reflexiones sobre experiencias contemporáneas /

Guardado en:
Bibliografiske detaljer
Hovedforfatter: Otero, Analia
Format: Texto
Tags: Tilføj Tag
Ingen Tags, Vær først til at tagge denne postø!

MARC

LEADER 00000 a a2200000 04500
001 45801
003
040
100 |a Otero, Analia  
245 |a Jóvenes trabajadores, jóvenes luchadores:   |b reflexiones sobre experiencias contemporáneas /  |c Analia Otero  
773 |g número32 (2010), páginas 163-177  
999 |c 21564  |d 21564